000 01184nam0a22002651 4500
001 rc\3003458
005 20250806200720.0
035 _a(NLR Aleph) 007146424
090 _a2031
_c2031
100 _a20110920d1945 u y0rusy50 ca
101 0 _arus
102 _aRU
105 _ay z |||||
200 1 _aОсновные условия поставки материалов, оборудования и запчастей конторам Главснаба НКСвязи СССР в 1941 году для капитального строительства и эксплоатационной деятельности организаций Наркомата Связи Союза ССР
_e[Утв. 28/XI 1940 г.]
210 _aМосква
_cБ. и.
_d1945
_gтип. НКСвязи
215 _a6 с.
_d20 см
300 _aБез обл. и тит. л.
710 0 1 _aСССР
_bНародный комиссариат связи
_3RU\NLR\AUTH\8810123168
801 0 _aRU
_bNLR
_gpsbo
801 1 _aRU
_bELAR
_2rusmarc
852 _aNLR
_jЭк60 Г-4/77
942 _cBOOK
945 _aРоссийская национальная библиотека
980 _aNB
980 _aBV